| 000 | 00810nam a2200253 i 4500 | ||
|---|---|---|---|
| 001 | 12739 | ||
| 003 | ES-MaACL | ||
| 005 | 20250827063202.0 | ||
| 007 | t| | ||
| 008 | 921021s1989 sp ||||0| spa d | ||
| 020 | _a84-7332-505-9 | ||
| 080 | _a32(8=6)"19" | ||
| 080 | _a321.7 | ||
| 100 | 1 |
_aRodríguez-Elizondo, José _998505 |
|
| 245 | 1 | 0 |
_aDemocracia y derechos humanos en América Latina / _c[José Rodríguez Elizondo]. |
| 260 |
_aMadrid : _bCultura Hispánica, _c1989. |
||
| 300 |
_a46 p. ; _c24 cm. |
||
| 490 | 1 |
_aCuadernos de documentación ; _v1 |
|
| 650 | 7 |
_aDemocracia _2embne _911574 |
|
| 651 | 4 |
_aAmérica Latina- _xPolítica y gobierno- _y1948-1980. _9170939 |
|
| 830 | 1 |
_aCuadernos de documentación ; _v1 _9192424 |
|
| 852 |
_aES-MaACL _jL-20030 |
||
| 999 |
_c12739 _d12739 |
||